What Country is it? - Statistics

General Stats
  • This quiz has been taken 72 times
  • The average score is 10 of 15
Answer Stats
Question Country % Correct
Is larger than Canada Russia
94%
Borders Latvia, Russia, Poland and Belarus Lithuania
89%
Biggest country in Asia (except Russia) China
88%
Owns Greenland Denmark
88%
Has more people than USA, but less than China India
86%
Starts with O Oman
85%
Borders Dominican Republic Haiti
82%
Less than 1 thousand people Vatican City
77%
Has 3 capitals South Africa
75%
Is the southernmost country in mainland Europe Greece
74%
Won the 1998 FIFA World Cup France
66%
Is the 9th biggest country in the world Kazakhstan
42%
Ends with H Bangladesh
34%
Got independence in 2002 Timor-Leste
31%
Was 6th in Eurovision Song Contest 2021 Finland
22%
No matching quizzes found
Score Distribution
Percent of People with Each Score
Percentile by Number Answered
Your Score History
You have not taken this quiz